00511nam a2200193 a 4500001001300000003000900013005001700022008004100039020002300080082001600103100002000119245005100139260003400190300000900224500003500233505001000268650001900278700002000297nice12345678IN_TiNIC20260116013058.0050524s1989 newa grp 000 0 eng  a0452855 c43700a291.13bHAM aHamilton, Edith aMythologyb Timeless Tales of Gods and Heroes. aNew YorkbPenguin Booksc1989 a335p aincludes index and biblioraphy2 aIndex aMythology-West1 aHamilton, Edith